书目信息 |
| 题名: |
十五届六中全会文件学习辅导
|
|
| 作者: | 何毅亭 主编 | |
| 分册: | ||
| 出版信息: | 北京 党建读物出版社 2001.09 |
|
| 页数: | 222页 | |
| 开本: | 20cm | |
| 丛书名: | ||
| 单 册: | ||
| 中图分类: | D229 | |
| 科图分类: | ||
| 主题词: | 中国共产党 | |
| 电子资源: | ||
| ISBN: | 7-80098-542-3 | |
| 000 | 00583nam0 2200193 450 | |
| 001 | 2230053313 | |
| 005 | 20221109082342.85 | |
| 010 | @a7-80098-542-3@dCNY13.00 | |
| 100 | @a20221109d2001 km y0chiy0120 ea | |
| 101 | 0 | @achi |
| 102 | @aCN | |
| 200 | 1 | @a十五届六中全会文件学习辅导@AShi Wu Jie Liu Zhong Quan Hui Wen Jian Xue Xi Fu Dao@f何毅亭主编@FHe Yi Ting Zhu Bian |
| 210 | @a北京@c党建读物出版社@d2001.09 | |
| 215 | @a222页@d20cm | |
| 606 | 0 | @a中国共产党 |
| 690 | @aD229@v4 | |
| 701 | 0 | @a何毅亭@AHe Yi Ting@4主编 |
| 801 | 0 | @aCN@b河南城建学院图书馆@c20221109 |
| 905 | @dD229@eH226 | |
| 十五届六中全会文件学习辅导/何毅亭主编.-北京:党建读物出版社,2001.09 |
| 222页;20cm |
| ISBN 7-80098-542-3:CNY13.00 |
| ● |
| 相关链接 |
|
|
|
正题名:十五届六中全会文件学习辅导
索取号:D229/H226
 
预约/预借
| 序号 | 登录号 | 条形码 | 馆藏地/架位号 | 状态 | 备注 |
| 1 | 1505504 | 215055044 | 社科库509/509社科库 68排8列1层/ [索取号:D229/H226] | 在馆 |